000 00484cam a2200169 a 4500
020 _a0139570020
040 _cDLC
082 0 0 _a658 PRE 1999 A110 Or.
100 1 _aKotler, Philip
245 1 0 _aPrinciples of marketing /
250 _a8th ed
260 _aUpper Saddle River, NJ :
_bPrentice Hall,
_cc1999
300 _a1 v. (various pagings) :
_bcol. ill. ;
_c29 cm. +
_e1 computer laser optical disc (4 3/4 in.)
650 0 _aMarketing
700 1 _aArmstrong, Gary
942 _cEK
999 _c16716
_d16716